| 000 | 00764nmc a2200253 a 4500 | ||
|---|---|---|---|
| 003 | AR-BaBNM | ||
| 005 | 20251128203304.0 | ||
| 008 | 107119s1980 ||||||||||||||000 | spa|| | ||
| 020 | _a84-499-3384-6 | ||
| 040 | _cAR-BaBNM | ||
| 245 | 1 | 0 |
_aHistoria de la humanidad _bel cristianismo _n2 |
| 260 |
_aMadrid _bMidesa _c1980 |
||
| 300 | 0 |
_a68 p. _bil. |
|
| 490 | 0 |
_aEnciclopedia para todos _vv. 18 |
|
| 500 | 1 | _aEl título de los diferentes números varía: "Historia de la Humanidad", "Historia del hombre", "La gran aventura de la historia" | |
| 650 | 4 | _aHISTORIA ANTIGUA | |
| 650 | 4 | _aCRISTIANISMO | |
| 650 | 4 | _aCATOLICISMO | |
| 650 | 4 | _aLIBROS PARA NINOS | |
| 653 | _aHISTORIETAS | ||
| 700 | 1 |
_aMallo, Daniel _edirector |
|
| 942 | _cBK | ||
| 998 | _cCarmen | ||
| 999 |
_c2736 _d2736 |
||